[Event "Budapest Spring Festival 2019"]
[Site "Budapest"]
[Date "2019.04.11"]
[Round "3.18"]
[White "Rudolf, Michal"]
[Black "Krzyzanowski, Marcin"]
[Result "0-1"]
[WhiteElo "2337"]
[BlackElo "2509"]
[Annotator "TA"]
[PlyCount "74"]
[EventDate "2019.04.09"]
[EventType "swiss"]
[EventCountry "HUN"]
[SourceTitle "playchess.com"]
[Source "ChessBase"]
[SourceQuality "1"]

{[%evp 20,74,-38,-43,-33,-36,-14,-34,-52,-42,-37,-110,-38,-46,-37,-41,-41,-43,-41,-55,-15,-114,-112,-118,-60,-119,-118,-122,-132,-107,-117,-138,0,0,0,0,0,-288,-177,-170,-153,-132,-143,-208,-196,-241,-114,-202,-55,-259,-246,-519,-526,-513,-511,-1496,-664]} 1. e4 e5 2. Nf3 Nc6 3. Bc4 Nf6 4. d3 Bc5 5. O-O d6 6. c3 a6 7. h3 {C54: Giuoco Piano: 4 c3 Nf6, main lines with 5 d4 and 5 d3} (7. a4 h6 8. Re1 O-O 9. h3 a5 10. Bb5 Na7 11. d4 exd4 12. cxd4 Bb4 13. Bd2 Nxb5 14. axb5 Bd7 15. Qb3 Bxb5 16. Bxb4 axb4 17. Rxa8 Qxa8 18. Qxb4 {½-½ (30) Grandelius,N (2694)-Karjakin,S (2753) Astana 2019}) 7... Ba7 8. Bb3 h6 9. Re1 g5 10. Nh2 g4 11. hxg4 {LiveBook: 6 Games} h5 $146 {[%cal Rh5g4]} ({Predecessor:} 11... Rg8 12. g5 hxg5 13. Be3 g4 14. Bxa7 Nxa7 15. Nd2 Nh7 {0-1 (37) Yudin,S (2507)-Petrov,N (2593) St Petersburg 2018}) 12. g5 Ng4 13. Rf1 f5 14. exf5 Bxf5 15. Qf3 (15. Ba4 $15) 15... Qd7 ({Black should try} 15... Rf8 $1 $17 16. Qe2 Qe7) 16. Be3 $1 $15 {[%cal Re3a7]} O-O-O (16... Bxe3 $6 17. fxe3 Bg6 18. Nd2 $16 (18. Nxg4 hxg4 19. Qg3 Qh7 $15)) 17. Bxa7 Nxa7 18. Nd2 Rdf8 {[%mdl 1024] Black has compensation.} 19. Ne4 Nc6 20. Qe2 (20. Rae1 $11) 20... d5 $17 21. Ng3 Be6 (21... Bg6 $17 22. f3 Nxh2 23. Kxh2 h4) 22. Rae1 (22. Qd2 $15) 22... Rf4 $1 23. Qd2 Nxh2 24. Kxh2 Rg8 25. d4 Rg4 (25... Rxg5 26. Rxe5 $1 {[%mdl 512]} Nxe5 27. Qxf4 $16) (25... Rh4+ $17 26. Kg1 Rg4 27. dxe5 R4xg5) 26. f4 $1 $11 exf4 27. Rxf4 Qd6 $36 {[%mdl 2048] White is under pressure.} 28. Ne2 $2 {[%mdl 8192]} ({Much weaker is} 28. Rxg4 Bxg4 29. Rf1 h4 $17) (28. Rxe6 $1 $11 {and White stays safe.} Qxf4 29. Qxf4 Rxf4 30. g6) 28... R8xg5 29. g3 h4 $1 30. Rxg4 Rxg4 31. Qh6 (31. Rf1 $17) 31... Nd8 $1 $19 ({Don't take} 31... hxg3+ 32. Kg1 $17) 32. Rf1 hxg3+ (32... Qe7 $1 $19 33. Kg1 Bf5 $1 {[%mdl 512]}) 33. Kg2 {[#]} (33. Kg1 $17) 33... Rg6 (33... Qe7 $1 $19 34. Nxg3 Rh4) 34. Qh4 $2 {[#]} (34. Qxg6 $2 {perishes.} Bh3+ 35. Kxh3 Qxg6 $19) (34. Qf8 $1 $15) 34... Bd7 $1 {...Rh6 is the strong threat.} 35. Qf4 $2 (35. Bc2 {keeps fighting.} Rh6 36. Qxg3 Bh3+ 37. Kg1 Bxf1 38. Qxd6 Rxd6 39. Kxf1) 35... Qe6 {Black is clearly winning.} 36. Nxg3 Qh3+ 37. Kf3 (37. Kf2 $142 Rg4 38. Qe5 Qh2+ 39. Ke1 Rxg3 40. Bxd5) 37... Rxg3+ {Precision: White = 35%, Black = 56%.} (37... Rg4 $142 38. Qe5 Nf7) 0-1

[Event "Budapest Spring Festival 2019"]
[Site "Budapest"]
[Date "2019.04.11"]
[Round "3.19"]
[White "Kosic, Dragan"]
[Black "Popovic, Milan S"]
[Result "1/2-1/2"]
[WhiteElo "2508"]
[BlackElo "2332"]
[Annotator "ChessBase"]
[PlyCount "89"]
[EventDate "2019.04.09"]
[EventType "swiss"]
[EventCountry "HUN"]
[SourceTitle "playchess.com"]
[Source "ChessBase"]
[SourceQuality "1"]
[TimeControl "40/5400+30:1800+30"]

1. d4 d6 {[%emt 0:00:35]} 2. Nf3 {[%emt 0:04:11]} Nf6 {[%emt 0:00:05]} 3. c4 {[%emt 0:00:54]} g6 {[%emt 0:00:08]} 4. Nc3 {[%emt 0:00:07]} Bg7 {[%emt 0:00:05]} 5. e4 {[%emt 0:00:03]} O-O {[%emt 0:00:07]} 6. Be2 {[%emt 0:00:03]} e5 {[%emt 0:00:08]} 7. Be3 {[%emt 0:00:04]} exd4 {[%emt 0:00:55]} 8. Nxd4 {[%emt 0:00:06]} Re8 {[%emt 0:00:34]} 9. f3 {[%emt 0:00:06]} c6 {[%emt 0:00:08]} 10. Bf2 {[%emt 0:00:04]} d5 {[%emt 0:00:05]} 11. exd5 {[%emt 0:00:04]} cxd5 {[%emt 0:00:05]} 12. O-O {[%emt 0:00:06]} Nc6 {[%emt 0:00:04]} 13. c5 {[%emt 0:00:03]} Nh5 {[%emt 0:00:41]} 14. Qd2 {[%emt 0:00:15]} Be5 {[%emt 0:00:11]} 15. g3 {[%emt 0:00:05]} Ng7 {[%emt 0:00:06]} 16. Rfd1 {[%emt 0:06:15]} Bf5 {[%emt 0:04:01]} 17. Nb3 {[%emt 0:18:18]} d4 {[%emt 0:02:31]} 18. Nb5 {[%emt 0:11:39]} Ne6 {[%emt 0:20:00]} 19. f4 {[%emt 0:07:07]} a6 {[%emt 0:02:24]} 20. fxe5 {[%emt 0:08:42]} axb5 {[%emt 0:01:54]} 21. Nxd4 {[%emt 0:00:37]} Nexd4 {[%emt 0:10:43]} 22. Bxd4 {[%emt 0:00:13]} Bc2 {[%emt 0:13:55]} 23. Qxc2 {[%emt 0:02:13]} Nxd4 {[%emt 0:02:09]} 24. Qe4 {[%emt 0:00:26]} Nxe2+ {[%emt 0:01:30]} 25. Qxe2 {[%emt 0:00:08]} Qc7 {[%emt 0:07:46]} 26. Rd5 {[%emt 0:01:37]} b4 {[%emt 0:03:58]} 27. b3 {[%emt 0:02:45]} Ra5 {[%emt 0:12:42]} 28. Rc1 {[%emt 0:02:18]} b6 {[%emt 0:02:10]} 29. Qf2 {[%emt 0:07:54]} Qe7 {[%emt 0:08:24]} 30. Rc4 {[%emt 0:17:46]} Rea8 {[%emt 0:02:26]} 31. Qf6 {[%emt 0:02:17]} Qxf6 {[%emt 0:03:22]} 32. exf6 {[%emt 0:00:07]} bxc5 {[%emt 0:00:49]} 33. Rdxc5 {[%emt 0:02:02]} Rxc5 {[%emt 0:00:27]} 34. Rxc5 {[%emt 0:00:06]} h6 {[%emt 0:01:17]} 35. h4 {[%emt 0:01:26]} Ra6 {[%emt 0:00:29]} 36. Rb5 {[%emt 0:00:58]} Rxa2 {[%emt 0:00:31]} 37. g4 {[%emt 0:01:59]} Ra3 {[%emt 0:00:24]} 38. Rxb4 {[%emt 0:00:52]} g5 {[%emt 0:00:29]} 39. hxg5 {[%emt 0:02:15]} hxg5 {[%emt 0:00:03]} 40. Rb5 {[%emt 0:00:00]} Kh7 {[%emt 0:00:00]} 41. Kf2 {[%emt 0:18:07]} Kg6 {[%emt 0:01:33]} 42. Rb6 {[%emt 0:00:05]} Ra1 {[%emt 0:00:12]} 43. b4 {[%emt 0:02:02]} Rb1 {[%emt 0:00:07]} 44. Ke3 {[%emt 0:04:46]} Rg1 {[%emt 0:00:40]} 45. Kf3 {[%emt 0:01:14]} 1/2-1/2

[Event "Budapest Spring Festival 2019"]
[Site "Budapest"]
[Date "2019.04.11"]
[Round "3.20"]
[White "Kulkarni, Rakesh"]
[Black "Galyas, Miklos"]
[Result "1/2-1/2"]
[WhiteElo "2334"]
[BlackElo "2490"]
[Annotator "ChessBase"]
[PlyCount "87"]
[EventDate "2019.04.09"]
[EventType "swiss"]
[EventCountry "HUN"]
[SourceTitle "playchess.com"]
[Source "ChessBase"]
[SourceQuality "1"]
[TimeControl "40/5400+30:1800+30"]

1. e4 {[%emt 0:04:43]} d6 {[%emt 0:00:07]} 2. d4 {[%emt 0:00:07]} Nf6 {[%emt 0:00:10]} 3. Nc3 {[%emt 0:00:07]} g6 {[%emt 0:00:08]} 4. Be3 {[%emt 0:00:07]} c6 {[%emt 0:00:32]} 5. f3 {[%emt 0:00:24]} Nbd7 {[%emt 0:00:29]} 6. Qd2 {[%emt 0:00:07]} b5 {[%emt 0:00:32]} 7. g4 {[%emt 0:00:27]} Bg7 {[%emt 0:00:33]} 8. Nge2 {[%emt 0:00:59]} b4 {[%emt 0:04:23]} 9. Nd1 {[%emt 0:00:28]} a5 {[%emt 0:00:48]} 10. a3 {[%emt 0:04:10]} Rb8 {[%emt 0:04:55]} 11. axb4 {[%emt 0:01:38]} axb4 {[%emt 0:00:06]} 12. Ng3 {[%emt 0:02:55]} e5 {[%emt 0:14:38]} 13. g5 {[%emt 0:04:31]} Nh5 {[%emt 0:00:25]} 14. Nxh5 {[%emt 0:01:08]} gxh5 {[%emt 0:00:02]} 15. f4 {[%emt 0:11:01]} exf4 {[%emt 0:02:07]} 16. Bxf4 {[%emt 0:02:54]} Nf8 {[%emt 0:01:10]} 17. Ne3 {[%emt 0:03:11]} Ng6 {[%emt 0:06:35]} 18. Nf5 {[%emt 0:01:06]} O-O {[%emt 0:04:41]} 19. Nxg7 {[%emt 0:10:32]} Kxg7 {[%emt 0:00:19]} 20. Bd3 {[%emt 0:05:13]} Bh3 {[%emt 0:05:03]} 21. Be3 {[%emt 0:05:37]} Qd7 {[%emt 0:02:36]} 22. Rg1 {[%emt 0:05:10]} Bg4 {[%emt 0:08:18]} 23. Rf1 {[%emt 0:06:10]} Nh4 {[%emt 0:11:25]} 24. g6 {[%emt 0:01:11]} hxg6 {[%emt 0:00:28]} 25. Bh6+ {[%emt 0:07:05]} Kh7 {[%emt 0:01:29]} 26. Bxf8 {[%emt 0:00:57]} Rxf8 {[%emt 0:00:01]} 27. Qxb4 {[%emt 0:03:03]} Nf3+ {[%emt 0:08:49]} 28. Rxf3 {[%emt 0:00:09]} Bxf3 {[%emt 0:00:06]} 29. Kd2 {[%emt 0:00:14]} Qe7 {[%emt 0:03:18]} 30. e5 {[%emt 0:07:26]} c5 {[%emt 0:05:29]} 31. dxc5 {[%emt 0:00:31]} dxe5 {[%emt 0:01:09]} 32. Re1 {[%emt 0:02:16]} e4 {[%emt 0:03:53]} 33. Bxe4 {[%emt 0:01:01]} Qg5+ {[%emt 0:00:49]} 34. Kc3 {[%emt 0:01:02]} Bxe4 {[%emt 0:02:26]} 35. Rxe4 {[%emt 0:02:18]} Rc8 {[%emt 0:00:18]} 36. b3 {[%emt 0:01:40]} Rxc5+ {[%emt 0:01:19]} 37. Kb2 {[%emt 0:00:05]} Qf5 {[%emt 0:02:11]} 38. h4 {[%emt 0:03:45]} Qf2 {[%emt 0:01:25]} 39. Rc4 {[%emt 0:00:58]} Rxc4 {[%emt 0:00:16]} 40. Qxc4 {[%emt 0:00:00]} g5 {[%emt 0:00:00]} 41. hxg5 {[%emt 0:07:29]} h4 {[%emt 0:04:03]} 42. b4 {[%emt 0:00:57]} Kg6 {[%emt 0:02:54]} 43. b5 {[%emt 0:01:32]} Kxg5 {[%emt 0:00:47]} 44. Qb3 {[%emt 0:02:36]} 1/2-1/2

[Event "Budapest Spring Festival 2019"]
[Site "Budapest"]
[Date "2019.04.11"]
[Round "3.21"]
[White "Swayams, Mishra"]
[Black "Mosesov, Danylo"]
[Result "1-0"]
[WhiteElo "2478"]
[BlackElo "2315"]
[Annotator "TA"]
[PlyCount "49"]
[EventDate "2019.04.09"]
[EventType "swiss"]
[EventCountry "HUN"]
[SourceTitle "playchess.com"]
[Source "ChessBase"]
[SourceQuality "1"]

{[%evp 10,49,3,0,13,-9,-4,0,0,0,0,0,0,0,52,-50,46,48,42,49,39,47,61,43,35,-11,59,21,79,83,186,176,185,178,297,294,268,267,982,957,916,916]} 1. d4 Nf6 2. Nf3 e6 3. Bf4 d5 4. e3 Bd6 5. Bg3 O-O 6. Nbd2 c5 {D02: 1 d4 d5 2 Nf3 sidelines, including 2...Nf6 3 g3 and 2...Nf6 3 Bf4} (6... b6 7. c3 c5 8. Bd3 Ba6 9. Bxa6 Nxa6 10. O-O Bxg3 11. hxg3 Qc7 12. Qe2 Nb8 13. e4 dxe4 14. Nxe4 Nbd7 {1-0 (55) Duda,J (2738)-Giri,A (2783) St Petersburg 2018}) 7. c3 Qc7 8. dxc5 Bxg3 {The position is equal.} 9. hxg3 Qxc5 10. Bd3 h6 $1 11. Qa4 $146 ({Predecessor:} 11. Qe2 Nbd7 12. e4 dxe4 13. Nxe4 Nxe4 14. Qxe4 {½-½ (57) Zanan,E (2428)-Ali Marandi,C (2515) Paracin 2017}) 11... Nc6 (11... Qe7 $11) 12. Qf4 (12. g4 $1 $14) 12... Re8 (12... Qe7 $1 $15 13. Ne5 Nxe5 14. Qxe5 Ng4) 13. Rxh6 $1 $14 {[%mdl 64] Demolition} gxh6 14. Qxh6 $40 {[%mdl 128] White mounts an attack.} Qf8 15. Qxf6 Qg7 16. Qh4 e5 17. Ng5 e4 (17... f6 $1 $11 18. Nh7 (18. Qh5 Bd7 $17) 18... Kf7) 18. Bc2 b5 (18... a5 $11 {remains equal.}) 19. O-O-O $16 {[%cal Rd2e4] Hoping for Ndxe4!} Ne5 {[#]} (19... Bf5 $16) 20. Ngxe4 $1 $18 {[%mdl 512]} dxe4 21. Nxe4 {[%cal Bd2e4,Be4d6,Bd6f5][%mdl 32]} Ng4 {[#]} (21... Be6 $142) 22. Rd5 $1 {[%cal Rd5g5]} f5 23. Nd6 {[%mdl 64] Double Attack} Re5 $2 (23... Qe7 24. Nxe8 Qxh4 25. gxh4 Be6 26. Rxf5 Bxf5 27. Bxf5 Nxf2) 24. Bb3 {White wants to mate with Rxe5+.} Be6 {[#]} 25. Nxf5 $1 {[%mdl 512] Accuracy: White = 60%, Black = 30%.} 1-0

[Event "Budapest Spring Festival 2019"]
[Site "Budapest"]
[Date "2019.04.11"]
[Round "3.22"]
[White "Abdumalik, Zhansaya"]
[Black "Ruff, Maximilian"]
[Result "1/2-1/2"]
[WhiteElo "2463"]
[BlackElo "2313"]
[Annotator "TA"]
[PlyCount "133"]
[EventDate "2019.04.09"]
[EventType "swiss"]
[EventCountry "HUN"]
[SourceTitle "playchess.com"]
[Source "ChessBase"]
[SourceQuality "1"]

{[%evp 15,133,6,31,29,33,4,16,16,28,39,32,23,46,37,55,23,37,28,35,38,36,33,35,27,26,33,33,20,23,21,23,21,25,20,33,33,36,34,37,36,35,11,39,35,55,33,47,24,37,15,23,6,8,0,22,0,0,0,6,5,7,0,21,4,14,7,7,7,20,22,19,3,20,25,30,0,11,0,0,0,0,0,0,0,23,8,67,74,67,77,78,0,0,3,170,0,0,0,357,0,0,0,0,0,0,0,0,0,0,0,0,0,0,0,0,0,0,0,0,0]} 1. e4 c5 2. Nf3 e6 3. d4 cxd4 4. Nxd4 a6 5. Bd3 Nc6 6. Nb3 Nf6 7. O-O {B42: Sicilian: Kan Variation: 5 Bd3} d5 (7... Be7 8. Qe2 d6 9. Bd2 O-O 10. Nc3 b5 11. Rae1 b4 12. Nd1 a5 13. f4 Ba6 14. c3 Bxd3 15. Qxd3 {½-½ (35) Aaron,D (2320)-Zapata,A (2426) Atlanta 2017}) 8. exd5 exd5 {LiveBook: 4 Games} 9. Re1+ {White is slightly better.} Be7 10. Nc3 {[%cal Bb1c3,Bc3e2,Be2d4][%mdl 32]} O-O 11. Bg5 h6 $146 ({Predecessor:} 11... Be6 12. Ne2 Qd6 13. Bf4 Qd7 14. Ned4 Nxd4 15. Nxd4 {1-0 (66) Oszczanowski,W (1884)-Sernecki,F (1541) Wroclaw 2012}) 12. Bh4 Be6 13. h3 Bd6 14. Ne2 Ne5 15. Ned4 Bd7 16. Bf5 Bxf5 17. Nxf5 Ng6 $1 18. Nxd6 Qxd6 19. Bg3 Qd7 20. Qd2 Rfe8 21. Rad1 Rxe1+ 22. Rxe1 Re8 23. Rxe8+ Qxe8 24. f3 Ne5 25. Nd4 Nc6 26. Ne2 Qe6 27. b3 Qf5 28. a4 Kh7 29. Bf2 Kg8 30. b4 Ne5 31. Nd4 Qd7 32. b5 axb5 33. axb5 Nc4 34. Qe1 Nd6 35. Qa5 Nc4 36. Qa7 Qc7 37. Qa8+ Kh7 38. Qf8 Qd7 39. g4 Qe8 40. Qc5 Qe5 41. Qc8 Ne3 42. Qc3 Nc4 43. Kg2 Kg8 44. Qd3 g6 45. c3 Nd7 46. Ne2 Qd6 47. Qd4 Nf8 48. Qf4 Qe7 49. Nd4 Kh7 50. Qb8 Ne6 (50... h5 $11) 51. Nxe6 $1 $14 fxe6 52. f4 e5 {[#]} 53. fxe5 (53. b6 $1 $16 {Black must now prevent Qc7.} exf4 54. Qc7 Qxc7 55. bxc7) 53... Nxe5 $11 54. b6 {Strongly threatening Qc7.} Nf7 $2 {[#]} (54... Nc6 $1 $11 {and Black stays safe.} 55. Qc7 Kg8) 55. Qc7 $2 (55. Kf1 $1 $18) 55... Qe4+ 56. Kg1 Kg8 $2 {[%mdl 8192]} (56... Kg7 $1 $11 {and Black is okay.}) 57. Qb8+ $2 ({White must play} 57. Qxb7 $18 Ne5 58. Qb8+ Kf7 59. Qa7+ (59. Qc7+ Ke6 $16) 59... Ke6 60. b7 Qb1+ 61. Kh2) 57... Kg7 $1 {The position is equal.} 58. Qxb7 {And now Qa7 would win.} Qb1+ 59. Kg2 Qe4+ 60. Kh2 Qc2 61. Kg3 Qd3+ $1 62. Kg2 Qe4+ 63. Kf1 {Hoping for Qa7.} Qd3+ 64. Kg1 Qb1+ $1 65. Kh2 Qc2 $1 {[%cal Rc2f2]} 66. Kg3 Qd3+ $1 67. Kg2 {Precision: White = 55%, Black = 44%.} 1/2-1/2

[Event "Budapest Spring Festival 2019"]
[Site "Budapest"]
[Date "2019.04.11"]
[Round "3.23"]
[White "Ankit, R. Rajpara"]
[Black "Bhambure, Shantanu"]
[Result "1/2-1/2"]
[WhiteElo "2462"]
[BlackElo "2261"]
[Annotator "ChessBase"]
[PlyCount "153"]
[EventDate "2019.04.09"]
[EventType "swiss"]
[EventCountry "HUN"]
[SourceTitle "playchess.com"]
[Source "ChessBase"]
[SourceQuality "1"]
[TimeControl "40/5400+30:1800+30"]

1. d4 {[%emt 0:00:05]} Nf6 {[%emt 0:00:07]} 2. c4 {[%emt 0:00:05]} e6 {[%emt 0:00:04]} 3. g3 {[%emt 0:00:06]} d5 {[%emt 0:00:15]} 4. Nf3 {[%emt 0:00:08]} dxc4 {[%emt 0:00:54]} 5. Bg2 {[%emt 0:00:16]} a6 {[%emt 0:00:09]} 6. O-O {[%emt 0:00:40]} Nc6 {[%emt 0:00:14]} 7. e3 {[%emt 0:00:29]} Bd7 {[%emt 0:00:34]} 8. Qe2 {[%emt 0:00:23]} Bd6 {[%emt 0:01:15]} 9. Qxc4 {[%emt 0:00:26]} O-O {[%emt 0:00:55]} 10. Nbd2 {[%emt 0:00:10]} e5 {[%emt 0:05:27]} 11. dxe5 {[%emt 0:00:13]} Nxe5 {[%emt 0:00:10]} 12. Nxe5 {[%emt 0:00:30]} Bxe5 {[%emt 0:00:06]} 13. Qc5 {[%emt 0:00:07]} Bd6 {[%emt 0:00:00]} 14. Qc2 {[%emt 0:00:11]} Rb8 {[%emt 0:12:30]} 15. b3 {[%emt 0:22:19]} Qe7 {[%emt 0:07:58]} 16. Nc4 {[%emt 0:01:54]} Bc5 {[%emt 0:01:25]} 17. Bb2 {[%emt 0:02:11]} Be6 {[%emt 0:07:08]} 18. Na5 {[%emt 0:11:48]} c6 {[%emt 0:07:36]} 19. Bxf6 {[%emt 0:04:34]} gxf6 {[%emt 0:00:13]} 20. Nc4 {[%emt 0:01:10]} Rbd8 {[%emt 0:03:26]} 21. Nd2 {[%emt 0:01:58]} Bb4 {[%emt 0:05:37]} 22. Nf3 {[%emt 0:03:00]} Qc5 {[%emt 0:05:35]} 23. Qe4 {[%emt 0:00:35]} Ba3 {[%emt 0:03:41]} 24. Qf4 {[%emt 0:11:55]} Qf5 {[%emt 0:03:31]} 25. Qh4 {[%emt 0:09:25]} Rfe8 {[%emt 0:07:13]} 26. Qa4 {[%emt 0:06:52]} Bb2 {[%emt 0:04:57]} 27. Rab1 {[%emt 0:00:27]} Qc2 {[%emt 0:01:47]} 28. Nh4 {[%emt 0:04:46]} Bc8 {[%emt 0:03:45]} 29. Qf4 {[%emt 0:06:04]} Rd2 {[%emt 0:03:53]} 30. Rbe1 {[%emt 0:01:10]} Kg7 {[%emt 0:02:30]} 31. Bf3 {[%emt 0:06:53]} Be5 {[%emt 0:02:49]} 32. Qb4 {[%emt 0:01:06]} Bd6 {[%emt 0:02:34]} 33. Qa5 {[%emt 0:01:01]} Qxa2 {[%emt 0:02:27]} 34. Nf5+ {[%emt 0:00:08]} Bxf5 {[%emt 0:00:14]} 35. Qxf5 {[%emt 0:00:05]} Qc2 {[%emt 0:01:26]} 36. Qg4+ {[%emt 0:01:12]} Qg6 {[%emt 0:00:11]} 37. Qc4 {[%emt 0:00:22]} Rd8 {[%emt 0:01:41]} 38. Rd1 {[%emt 0:02:06]} Be7 {[%emt 0:01:32]} 39. Ra1 {[%emt 0:01:21]} Qg5 {[%emt 0:01:40]} 40. h4 {[%emt 0:00:00]} Qf5 {[%emt 0:00:00]} 41. Bg4 {[%emt 0:06:03]} Qd5 {[%emt 0:03:42]} 42. Qa4 {[%emt 0:04:15]} Bc5 {[%emt 0:04:47]} 43. Qf4 {[%emt 0:01:33]} Qe5 {[%emt 0:05:02]} 44. Qf3 {[%emt 0:01:10]} Qd5 {[%emt 0:02:35]} 45. Qxd5 {[%emt 0:04:45]} R2xd5 {[%emt 0:01:01]} 46. Rfd1 {[%emt 0:00:23]} Rxd1+ {[%emt 0:04:14]} 47. Rxd1 {[%emt 0:00:07]} Rxd1+ {[%emt 0:00:35]} 48. Bxd1 {[%emt 0:00:06]} f5 {[%emt 0:02:48]} 49. Kf1 {[%emt 0:01:31]} a5 {[%emt 0:00:47]} 50. Ke2 {[%emt 0:00:48]} Kf6 {[%emt 0:01:01]} 51. Bc2 {[%emt 0:02:38]} h6 {[%emt 0:00:18]} 52. f4 {[%emt 0:04:32]} Bb4 {[%emt 0:00:55]} 53. e4 {[%emt 0:00:15]} fxe4 {[%emt 0:00:10]} 54. Bxe4 {[%emt 0:00:04]} Ke6 {[%emt 0:01:09]} 55. g4 {[%emt 0:00:23]} f6 {[%emt 0:02:00]} 56. Bf5+ {[%emt 0:03:21]} Kd5 {[%emt 0:01:21]} 57. g5 {[%emt 0:00:09]} fxg5 {[%emt 0:01:14]} 58. fxg5 {[%emt 0:00:05]} hxg5 {[%emt 0:00:09]} 59. hxg5 {[%emt 0:00:04]} Kd4 {[%emt 0:02:23]} 60. g6 {[%emt 0:00:10]} Bf8 {[%emt 0:00:07]} 61. Kd2 {[%emt 0:00:07]} Kc5 {[%emt 0:01:14]} 62. Bc8 {[%emt 0:01:23]} b6 {[%emt 0:00:56]} 63. Bd7 {[%emt 0:00:09]} Kb4 {[%emt 0:00:30]} 64. Bxc6 {[%emt 0:00:50]} Kxb3 {[%emt 0:00:07]} 65. Bd5+ {[%emt 0:00:04]} Kb4 {[%emt 0:01:33]} 66. Kc2 {[%emt 0:00:21]} b5 {[%emt 0:00:48]} 67. Bc6 {[%emt 0:00:05]} Kc4 {[%emt 0:00:35]} 68. Bd7 {[%emt 0:00:17]} Bg7 {[%emt 0:00:14]} 69. Be8 {[%emt 0:00:07]} a4 {[%emt 0:00:34]} 70. Bd7 {[%emt 0:00:17]} Kb4 {[%emt 0:00:44]} 71. Be8 {[%emt 0:00:05]} Ka5 {[%emt 0:00:09]} 72. Bd7 {[%emt 0:00:04]} b4 {[%emt 0:00:46]} 73. Be6 {[%emt 0:00:04]} Kb5 {[%emt 0:00:18]} 74. Bd7+ {[%emt 0:00:08]} Ka5 {[%emt 0:00:03]} 75. Be6 {[%emt 0:00:05]} Kb6 {[%emt 0:00:01]} 76. Bg8 {[%emt 0:00:08]} Kc5 {[%emt 0:00:18]} 77. Bf7 {[%emt 0:00:05]} 1/2-1/2

[Event "Budapest Spring Festival 2019"]
[Site "Budapest"]
[Date "2019.04.11"]
[Round "3.24"]
[White "Daggupati, Balaji"]
[Black "Gorodetzky, David"]
[Result "1/2-1/2"]
[WhiteElo "2326"]
[BlackElo "2461"]
[Annotator "ChessBase"]
[PlyCount "120"]
[EventDate "2019.04.09"]
[EventType "swiss"]
[EventCountry "HUN"]
[SourceTitle "playchess.com"]
[Source "ChessBase"]
[SourceQuality "1"]
[TimeControl "40/5400+30:1800+30"]

1. e4 {[%emt 0:00:03]} e6 {[%emt 0:00:08]} 2. d4 {[%emt 0:00:05]} d5 {[%emt 0:00:05]} 3. Nc3 {[%emt 0:00:05]} Nf6 {[%emt 0:00:06]} 4. Bg5 {[%emt 0:00:06]} dxe4 {[%emt 0:01:10]} 5. Nxe4 {[%emt 0:00:07]} Nbd7 {[%emt 0:00:07]} 6. Nf3 {[%emt 0:00:08]} h6 {[%emt 0:02:34]} 7. Nxf6+ {[%emt 0:01:10]} Nxf6 {[%emt 0:00:10]} 8. Bxf6 {[%emt 0:01:26]} Qxf6 {[%emt 0:00:02]} 9. Bd3 {[%emt 0:00:33]} Bd6 {[%emt 0:04:15]} 10. Qe2 {[%emt 0:00:15]} c5 {[%emt 0:17:12]} 11. Bb5+ {[%emt 0:02:36]} Ke7 {[%emt 0:03:08]} 12. dxc5 {[%emt 0:09:46]} Bxc5 {[%emt 0:01:53]} 13. O-O-O {[%emt 0:13:42]} Qf4+ {[%emt 0:14:45]} 14. Kb1 {[%emt 0:01:36]} a6 {[%emt 0:00:17]} 15. Bc4 {[%emt 0:05:31]} Qc7 {[%emt 0:07:50]} 16. Qe4 {[%emt 0:02:57]} Rb8 {[%emt 0:18:42]} 17. Rd3 {[%emt 0:10:37]} b5 {[%emt 0:14:45]} 18. Ne5 {[%emt 0:00:23]} Rb6 {[%emt 0:02:33]} 19. Qf4 {[%emt 0:01:37]} Ke8 {[%emt 0:00:42]} 20. Bb3 {[%emt 0:19:31]} f6 {[%emt 0:01:26]} 21. Qg4 {[%emt 0:12:04]} fxe5 {[%emt 0:00:19]} 22. Qg6+ {[%emt 0:00:08]} Kf8 {[%emt 0:00:07]} 23. Rhd1 {[%emt 0:00:06]} Rd6 {[%emt 0:04:07]} 24. Bxe6 {[%emt 0:02:29]} Rxe6 {[%emt 0:02:31]} 25. Rd8+ {[%emt 0:00:04]} Qxd8 {[%emt 0:00:04]} 26. Rxd8+ {[%emt 0:00:06]} Ke7 {[%emt 0:00:04]} 27. Qxg7+ {[%emt 0:00:05]} Kxd8 {[%emt 0:00:19]} 28. Qxh8+ {[%emt 0:00:04]} Kc7 {[%emt 0:00:41]} 29. f3 {[%emt 0:00:14]} Bd7 {[%emt 0:01:22]} 30. a3 {[%emt 0:00:03]} Bd6 {[%emt 0:02:00]} 31. h4 {[%emt 0:00:05]} e4 {[%emt 0:00:52]} 32. Qc3+ {[%emt 0:01:03]} Bc6 {[%emt 0:00:22]} 33. fxe4 {[%emt 0:00:23]} Rxe4 {[%emt 0:00:02]} 34. h5 {[%emt 0:01:06]} Rg4 {[%emt 0:01:04]} 35. Qa5+ {[%emt 0:00:17]} Kd7 {[%emt 0:01:11]} 36. Qxa6 {[%emt 0:00:07]} Rxg2 {[%emt 0:00:06]} 37. Qa7+ {[%emt 0:00:02]} Kc8 {[%emt 0:00:53]} 38. Qd4 {[%emt 0:00:05]} Kd7 {[%emt 0:00:24]} 39. c4 {[%emt 0:00:22]} bxc4 {[%emt 0:00:28]} 40. Qxc4 {[%emt 0:00:00]} Be5 {[%emt 0:00:00]} 41. b4 {[%emt 0:02:40]} Rg1+ {[%emt 0:06:45]} 42. Kc2 {[%emt 0:01:06]} Rg2+ {[%emt 0:05:04]} 43. Kc1 {[%emt 0:00:18]} Rg1+ {[%emt 0:07:09]} 44. Kd2 {[%emt 0:00:07]} Rg2+ {[%emt 0:01:44]} 45. Ke3 {[%emt 0:01:02]} Rg3+ {[%emt 0:02:30]} 46. Ke2 {[%emt 0:00:48]} Rxa3 {[%emt 0:01:58]} 47. Qf7+ {[%emt 0:00:16]} Kd6 {[%emt 0:01:20]} 48. Qf8+ {[%emt 0:00:45]} Kd7 {[%emt 0:03:27]} 49. Qf5+ {[%emt 0:01:36]} Kd6 {[%emt 0:00:07]} 50. Qg6+ {[%emt 0:00:09]} Kd5 {[%emt 0:01:17]} 51. Qxh6 {[%emt 0:08:41]} Bb5+ {[%emt 0:01:00]} 52. Kf2 {[%emt 0:00:16]} Ra2+ {[%emt 0:00:56]} 53. Kf3 {[%emt 0:00:41]} Ra3+ {[%emt 0:01:21]} 54. Kg2 {[%emt 0:01:18]} Ra2+ {[%emt 0:00:40]} 55. Kf3 {[%emt 0:01:21]} Ra3+ {[%emt 0:00:46]} 56. Kf2 {[%emt 0:00:06]} Ra2+ {[%emt 0:02:19]} 57. Ke3 {[%emt 0:00:23]} Bd4+ {[%emt 0:00:49]} 58. Kf3 {[%emt 0:00:22]} Ra3+ {[%emt 0:00:26]} 59. Kg2 {[%emt 0:00:19]} Ra2+ {[%emt 0:00:06]} 60. Kf3 {[%emt 0:01:15]} Ra3+ {[%emt 0:00:15] Ke4+} 1/2-1/2